00568 2200217 4500001002100000005001700021008004100038020001800079035002500097082001100122090001800133100001300151245005300164250001100217260003700228300002100265650001900286700001800305850001200323990001500335YOGYA-0209000001357020150422105135.0 ind  a979-514-090-6 a0010-020900000013570 a297.32 a297.32bYus R aYUSUF, M aRenungan Jum atcM.Yusuf ; editor, Tjun Surjaman aCet. 4 aBandungbRemaja Rosdakaryac1993 a104 hlm.c18 cm. aKhotbah Jum at aSuryaman, Cun aYOPDYOG a92424-P/97